|
|
|
|
| LEADER |
00000nam a22000007a 4500 |
| 005 |
20190829003149.0 |
| 007 |
cr|||| |||| |
| 008 |
190829s2019 es |||||s|||| 00||0 spa d |
| 020 |
|
|
|a 978-84-1324-266-8
|
| 035 |
|
|
|a 24711
|
| 040 |
|
|
|a vLex
|
| 090 |
|
|
|c 9314
|d 9314
|
| 100 |
1 |
|
|a Soriano Gonzl̀ez, Mara̕ Luisa
|
| 245 |
1 |
3 |
|a Los pueblos y comunidades indg̕enas de Amřica Latina
|h [Recurso electrn̤ico] :
|b Filosofa̕ jurd̕ico-polt̕ica y derechos /
|c Mara̕ Luisa Soriano Gonzl̀ez
|
| 256 |
|
|
|a Servicio en ln̕ea
|
| 260 |
|
|
|a Madrid:
|b Dykinson,
|c 2019
|
| 300 |
|
|
|a 1 recurso electrn̤ico
|
| 500 |
|
|
|a Las reivindicaciones de los pueblos indg̕enas de Amřica Latina no fueron debidamente atendidas y resueltas por el liberalismo decimonn̤ico, que defenda̕ la igualdad jurd̕ica formal, ni con las polt̕icas indigenistas de los Estados en el siglo xx y el actual, ya que no iban a la raz̕ del problema, que es el colonialismo interno que sufren las comunidades y pueblos indg̕enas. La solucin̤ para el permanente conflicto entre los Estado y el indigenismo reside en el reconocimiento de los pueblos y comunidades indg̕enas como sujetos colectivos de derecho y en la refundacin̤ constitucional de Estados interculturales en Amřica latina (no meramente pluriculturales o multiculturales), que exige el reconocimiento en un plano de igualdad de las culturas que forman parte de los Estados. Como esta refundacin̤ no ha tenido lugar y no forma parte de las agendas de los Estados, muchos pueblos y comunidades indg̕enas, cansados de esperar, han tomado cartas en el asunto construyendo ellos mismos sus Gobiernos autn̤omos, desarrollando otro tipo de ciudadana̕ y de ejercicio del poder y ensayando nuevas formas de entender el derecho y la polt̕ica. La revolucin̤ zapatista de Chiapas es un ejemplo meridiano de cm̤o pueblos y comunidades indg̕enas estǹ culminando su lucha con la propia construccin̤ de su autonoma̕ polt̕ica ante los ojos de un Estado extraǫ, que controla y vigila, cuando no realiza maniobras directas o indirectas de hostigamiento. El libro, que el lector tiene en sus manos, consta de una parte general dedicada a cuestiones comunes y relevantes de los pueblos y las comunidades indg̕enas de Amřica Latina y otra parte especial destinada a cuestiones ya ms̀ concretas de las comunidades indg̕enas del Estado mexicano de Chiapas, que presentan el interš de ir a la cabeza de las comunidades y pueblos nativos latinoamericanos en la conquista de su autonoma̕ polt̕ica y de sus derechos tradicionales.
|
| 506 |
1 |
|
|a Disponible solo en los productos indicados
|d vLex Global
|d vLex Global (Academic Edition, excluding Law Schools)
|d vLex Global (U.S. Academic Edition, Law Schools)
|d vLex Global (U.S. Academic Edition, excluding Law Schools)
|d vLex Global (Academic Edition, Law Schools)
|
| 650 |
0 |
4 |
|a Derecho Militar
|z Espaą
|
| 740 |
0 |
|
|a vLex Libros (Servicio en ln̕ea)
|
| 856 |
4 |
0 |
|u http://vlex.com/source/pueblos-y-comunidades-indigenas-de-america-latina-filosofia-juridico-politica-y-derechos-24711
|z Acceso restringido
|
| 942 |
|
|
|c BOOK
|
| 999 |
0 |
|
|a Military Law
|